Coming of age : Margaret Mead, 1901- 1978 /

The most widely read, and best known anthropologist is probably Margaret Mead, an American who went study adolescence in the South Sea-Islands at the age of 23. Although her fieldwork has been criticised, she was nevertheless one of the foremost fieldworkers of her day. In America, Bali and New Guin...

Full description

Bibliographic Details
Corporate Author: Royal Anthropological Institute of Great Britain and Ireland
Other Authors: Mead, Margaret, 1901-1978, Singer, André, 1945- (Director), Dakowski, Bruce (Screenwriter)
Format: Video
Language:English
Language Notes:This edition in English.
Published: London, UK : Royal Anthropological Institute, 1986.
Series:Ethnographic video online ; v. 2.
Strangers abroad : pioneers of social anthropology ; 5.
Subjects:
Online Access:Connect to this streaming video (Alexander Street Press)

MARC

Tag First Indicator Second Indicator Subfields
LEADER 00000cgm a2200000Ma 4500
001 in00005607435
006 m c
007 vz |zazu|
008 110210s1986 enk053 g o vueng d
005 20241214204600.0
035 |a (OCoLC)ocn849668471 
040 |a ALSTP  |b eng  |e pn  |c ALSTP  |d OCLCO  |d OCLCQ  |d CUS  |d OCLCO  |d COO  |d OCLCO  |d CUS  |d OCLCO  |d OCLCF  |d NLGGC  |d U3G  |d OCLCO  |d OCL  |d OCLCQ  |d OCLCO  |d OCLCQ  |d NRC  |d EZ9  |d OCLCA  |d STF  |d OCLCQ  |d SNN  |d INT  |d OCLCQ  |d WYU  |d YOU  |d OCLCQ  |d UHL  |d AU@  |d OCLCO  |d OCLCQ  |d OCLCO  |d TSC  |d TXM  |d OCLCO  |d OCLCL 
019 |a 908387097  |a 1085194085  |a 1112953237  |a 1259116916  |a 1373522491  |a 1391407654  |a 1430865929  |a 1443973820 
028 5 3 |a 1869277 
035 |a (OCoLC)849668471  |z (OCoLC)908387097  |z (OCoLC)1085194085  |z (OCoLC)1112953237  |z (OCoLC)1259116916  |z (OCoLC)1373522491  |z (OCoLC)1391407654  |z (OCoLC)1430865929  |z (OCoLC)1443973820 
043 |a n-us---  |a a-io---  |a a-nw--- 
050 4 |a GN303 
049 |a TXAM 
245 0 0 |a Coming of age :  |b Margaret Mead, 1901- 1978 /  |c director/anthropologist: André Singer ; writer/presenter: Bruce Dakowski. 
246 3 |a Coming of age - Margaret Mead (1901-1978) 
260 |a London, UK :  |b Royal Anthropological Institute,  |c 1986. 
300 |a 1 online resource (53 min.). 
306 |a 005300 
336 |a two-dimensional moving image  |b tdi  |2 rdacontent 
337 |a computer  |b c  |2 rdamedia 
338 |a online resource  |b cr  |2 rdacarrier 
344 |a digital  |2 rda 
347 |a data file  |2 rda 
380 |a Videorecording 
490 1 |a Ethnographic video online ;  |v volume 2 
490 1 |a Strangers abroad ;  |v 5 
520 |a The most widely read, and best known anthropologist is probably Margaret Mead, an American who went study adolescence in the South Sea-Islands at the age of 23. Although her fieldwork has been criticised, she was nevertheless one of the foremost fieldworkers of her day. In America, Bali and New Guinea she examined child development, sex and temperament to see what role society has in making people what they are. Adolescence was a time of emotional stress and personal conflict in America and Europe. Mead claimed that in Samoa, adolescence was in many ways the most enjoyable and happy time of life. 
546 |a This edition in English. 
600 1 0 |a Mead, Margaret,  |d 1901-1978. 
600 1 4 |a Mead, Margaret,  |d 1901-1978. 
600 1 7 |a Mead, Margaret,  |d 1901-1978  |2 fast  |1 https://id.oclc.org/worldcat/entity/E39PBJkhJhfrf4jBDggbxH3vpP 
650 0 |a Child development  |x Social aspects  |z United States. 
650 0 |a Child development  |x Social aspects  |z Indonesia  |z Bali Island. 
650 0 |a Child development  |x Social aspects  |z New Guinea. 
651 0 |a United States  |x Social life and customs. 
651 0 |a Bali Island (Indonesia)  |x Social life and customs. 
650 6 |a Enfants  |x Développement  |x Aspect social  |z États-Unis. 
650 6 |a Enfants  |x Développement  |x Aspect social  |z Indonésie  |z Bali (Île) 
650 6 |a Enfants  |x Développement  |x Aspect social  |z Nouvelle-Guinée. 
651 6 |a États-Unis  |x Mœurs et coutumes. 
651 6 |a Bali (Indonésie : Île)  |x Mœurs et coutumes. 
650 7 |a Child development  |x Social aspects  |2 fast 
650 7 |a Manners and customs  |2 fast 
651 7 |a Indonesia  |z Bali Island  |2 fast 
651 7 |a New Guinea  |2 fast  |1 https://id.oclc.org/worldcat/entity/E39PBJfMh4DGVm6DthvP8M9VYP 
651 7 |a United States  |2 fast  |1 https://id.oclc.org/worldcat/entity/E39PBJtxgQXMWqmjMjjwXRHgrq 
655 7 |a Nonfiction films  |2 fast 
655 7 |a Nonfiction films.  |2 lcgft 
700 1 |a Mead, Margaret,  |d 1901-1978.  |1 https://id.oclc.org/worldcat/entity/E39PBJkhJhfrf4jBDggbxH3vpP 
700 1 |a Singer, André,  |d 1945-  |e director.  |1 https://id.oclc.org/worldcat/entity/E39PBJyH37T7xxQXhqbqKJ6Yfq 
700 1 |a Dakowski, Bruce,  |e screenwriter,  |e presenter. 
710 2 |a Royal Anthropological Institute of Great Britain and Ireland. 
758 |i has work:  |a Coming of age (MovingImage)  |1 https://id.oclc.org/worldcat/entity/E39PCFCWWrQwp6VytY67Rtc4G3  |4 https://id.oclc.org/worldcat/ontology/hasWork 
830 0 |a Ethnographic video online ;  |v v. 2. 
830 0 |a Strangers abroad : pioneers of social anthropology ;  |v 5. 
856 4 0 |u http://proxy.library.tamu.edu/login?url=https://www.aspresolver.com/aspresolver.asp?AVN2;1869277  |z Connect to this streaming video (Alexander Street Press)  |t 0 
955 |a Alexander Street Press perpetual purchased Fall 2024 streaming video 
994 |a 92  |b TXA 
999 f f |s 3ac4e12c-c60c-4c74-91b3-7ef7de6e5877  |i bdbcf28c-788c-4210-afd7-378927aacd28  |t 0 
952 f f |a Texas A&M University  |b College Station  |c Electronic Resources  |d Available Online  |t 0  |e GN303   |h Library of Congress classification 
998 f f |a GN303   |t 0  |l Available Online